000 00943nam a22001937a 4500
001 10103
003 FISKH
005 20260408124042.0
008 260408b cb ||||| |||| 00| 0 eng d
020 _a9787802467910
040 _aFISKH
_bchi
_cFISKH
_dFISKH
082 _a895.6
100 _a两色风景
245 _a绝交 /
_cBy 两色风景
300 _a32 unnumbered pages :
_bcolor illustrations ;
_c25 cm .
520 _a《绝交》是一本面向低幼儿童的图画书,通过生动的故事和插图讲述了小朋友之间因误会或争吵而产生矛盾、甚至“绝交”的经历。故事围绕两个角色展开,他们在经历误会和冲突后,通过沟通与理解重新建立友谊。绘本强调友情的珍贵、理解与包容的重要性,并通过温暖的画面和简洁的文字,帮助孩子学会处理人际关系、理解他人感受和珍惜友谊。
942 _2ddc
_cBOOK
_n0
999 _c10103
_d10103